NBA Teams Without Red or Blue - Statistics

General Stats
  • This quiz has been taken 116 times
  • The average score is 5 of 6
Answer Stats
Team % Correct
Lakers
94%
Kings
89%
Celtics
87%
Nets
84%
Spurs
84%
Suns
84%
No matching quizzes found
Score Distribution
Percent of People with Each Score
Percentile by Number Answered
Your Score History
You have not taken this quiz